| 000 | 00526nam a2200217Ia 4500 | ||
|---|---|---|---|
| 003 | OSt | ||
| 005 | 20220928144703.0 | ||
| 006 | a|||||r|||| 00| 0 | ||
| 007 | ta | ||
| 008 | 220927b |||||||| |||| 00| 0 eng d | ||
| 024 | _a73099 | ||
| 037 | _cTextual | ||
| 040 |
_aSDCL _cSDCL _beng |
||
| 041 |
_2eng _aeng |
||
| 082 | _aV52'N5<-N2, K9 | ||
| 100 |
_aCassels Alan _9509136 |
||
| 245 | 0 | _aFascist Itaty. | |
| 260 | _c1969 | ||
| 942 |
_hV52'N5<-N2, K9 _cTEXL _2CC |
||
| 999 |
_c829006 _d829006 |
||